书目信息 |
| 题名: |
棉花优良品种
|
|
| 作者: | ;农业部种子管理局 编 | |
| 分册: | ||
| 出版信息: | 北京 农业出版社 1959 |
|
| 页数: | 54页 | |
| 开本: | 20cm | |
| 丛书名: | ||
| 单 册: | ||
| 中图分类: | S562.02 | |
| 科图分类: | ||
| 主题词: | 棉花--品种 | |
| 电子资源: | ||
| ISBN: | 16144.667 | |
| 000 | 00653cam0 2200229 450 | |
| 001 | 0105448844 | |
| 005 | 20080221093103.0 | |
| 010 | @a16144.667@dCNY0.24 | |
| 091 | @a16144.667@dCNY0.24 | |
| 100 | @a19980122d1959 em y0chiy0110 ea | |
| 101 | 0 | @achi |
| 102 | @aCN@b110000 | |
| 105 | @ay z 000yy | |
| 106 | @ar | |
| 200 | 1 | @a棉花优良品种@9Mian Hua You Liang Pin Zhong;Chong @f农业部种子管理局编@b专著 |
| 210 | @a北京@c农业出版社@d1959 | |
| 215 | @a54页@d20cm | |
| 606 | 0 | @a棉花@x品种 |
| 690 | @aS562.02@v3 | |
| 711 | 02 | @a农业部种子管理局@9nong ye bu zhong zi guan li ju@4编 |
| 801 | 0 | @aCN@bAiZhiMarc |
| 905 | @aBZT@dS562.02@e3@f1@sS562.02/3 | |
| 棉花优良品种/农业部种子管理局编.-北京:农业出版社,1959 |
| 54页;20cm |
| ISBN 16144.667:CNY0.24 |
| ● |
| 相关链接 |
|
|
|
正题名:棉花优良品种
索取号:S562.02/3
 
预约/预借
| 序号 | 登录号 | 条形码 | 馆藏地/架位号 | 状态 | 备注 |
| 1 | 2000083549 | 2000083549 | 旧书回溯/ [索取号:S562.02/3] | 在馆 |